Statistiken für Formel 1 Strecken 2022

Klicken Sie hier um das Quiz zu spielen!

Allgemein

  • Dieses Quiz wurde 264 mal gespielt
  • Das Durchschnittsergebnis liegt bei 11 aus 22

Antwortstatistiken

Antwort% Korrekt
Bahrain International Circuit
87%
Baku City Circuit
78%
Circuit de Monaco
76%
Jeddah Corniche Circuit
66%
Autodromo Nazionale Monza
65%
Circuit de Spa-Francorchamps
62%
Autodromo Enzo e Dino Ferrari
60%
Circuit de Barcelona-Catalunya
60%
Red Bull Ring
59%
Silverstone Circuit
58%
Miami International Autodrome
53%
Suzuka International Racing Course
52%
Albert Park Circuit
46%
Hungaroring
43%
Circuit Zandvoort
39%
Circuit Paul Ricard
32%
Yas Marina Circuit
29%
Autodromo Jose Carlos Pace
28%
Circuit of the Americas
26%
Circuit Gilles-Villeneuve
24%
Marina Bay Street Circuit
23%
Autodromo hermanos Rodriguez
10%

Verteilung der Resultate

Perzentil nach korrekt beantworteten Fragen

Anzahl Personen mit jedem Resultat

Ihre Resultats-Entwicklung

Sie haben dieses Quiz noch nicht gespielt